Podnikové vzdelávanie zamestnancov

Vzdelávanie na pracovisku, vzdelávanie mimo pracoviska : výhody a nevýhody. Porovnanie klasickej školy a e-learningu (dostupnosť informácií, individualita študenta, komunikácia, meranie efektívnosti edukácie, učebné pomôcky, postavenie učiteľa, študent). E-learning sa nedá realizovať spontánne, bez...

Descrizione completa

Salvato in:
Dettagli Bibliografici
Autore principale: Poniščiaková, Oľga
Natura: Capitolo di libro
Lingua:slovacco
Soggetti:
Tags: Aggiungi Tag
Nessun Tag, puoi essere il primo ad aggiungerne!!

MARC

LEADER 00000naa$a2200000$$$4500
001 0055180
005 20231120105710.2
041 0 |a slo 
044 |a SK 
245 1 0 |a Podnikové vzdelávanie zamestnancov  |c Oľga Poniščiaková 
520 |a Vzdelávanie na pracovisku, vzdelávanie mimo pracoviska : výhody a nevýhody. Porovnanie klasickej školy a e-learningu (dostupnosť informácií, individualita študenta, komunikácia, meranie efektívnosti edukácie, učebné pomôcky, postavenie učiteľa, študent). E-learning sa nedá realizovať spontánne, bez možností plánovania, rozhodovania, organizovania a kontroly celého procesu. Ide o celý proces manažmentu, ktorý zabezpečuje aj spätnú väzbu medzi lektorom a študentom - Learning Management System - LMS. Najznámejšie LMS systémy. 
610 2 0 |a podnik 
610 2 0 |a vzdelávanie 
610 2 0 |a vzdelávanie dištančné 
610 2 0 |a vzdelávanie elektronické 
610 2 0 |a manažment 
100 1 |a Poniščiaková, Oľga